Undoing and redoing corpus planning / (Record no. 32609)

MARC details
000 -LEADER
fixed length control field 00706 a2200205 4500
008 - FIXED-LENGTH DATA ELEMENTS--GENERAL INFORMATION
fixed length control field 120813t nuy ||||| |||| 00| 0 eng d
020 ## - INTERNATIONAL STANDARD BOOK NUMBER
Cancelled/invalid ISBN 3110155095
050 ## - LIBRARY OF CONGRESS CALL NUMBER
Classification number P40.5 .L35
Item number U53 1997
245 10 - TITLE STATEMENT
Title Undoing and redoing corpus planning /
Statement of responsibility, etc Edited by Michael Clyne
250 ## - EDITION STATEMENT
Edition statement 1a ed.
260 ## - PUBLICATION, DISTRIBUTION, ETC. (IMPRINT)
Place of publication, distribution, etc Berlin ; New York :
Name of publisher, distributor, etc Mouton de Gruyter,
Date of publication, distribution, etc 1997
300 ## - PHYSICAL DESCRIPTION
Extent viii, 520 p. ;
Dimensions 24 cm.
440 ## - SERIES STATEMENT/ADDED ENTRY--TITLE
Title Contributions to the sociology of language ;
Volume number/sequential designation 78
500 ## - GENERAL NOTE
General note Edición en ingles
504 ## - BIBLIOGRAPHY, ETC. NOTE
Bibliography, etc Incluye : referencias bibliograficas e índice
650 #4 - SUBJECT ADDED ENTRY--TOPICAL TERM
Topical term or geographic name as entry element Planificacion lingüistica
650 #4 - SUBJECT ADDED ENTRY--TOPICAL TERM
Topical term or geographic name as entry element Lenguaje y lenguas
General subdivision Aspectos politicos
700 1# - ADDED ENTRY--PERSONAL NAME
Personal name Clyne, Michael,
Fuller form of name ed.
942 ## - ADDED ENTRY ELEMENTS (KOHA)
Source of classification or shelving scheme Biblioteca del Cogreso de los Estados Unidos
Koha item type Libro
Holdings
Estado de pérdida Fuente de clasificación Estado del daño No para préstamo Ubicación permanente Ubicación actual Fecha de adquisición Fuente de adquisición Enumeración de Serie / Cronológica Clasificación Código de Barras Date last seen Número de copia Tipo de recurso Nota pública
  Biblioteca del Cogreso de los Estados Unidos     Biblioteca de la Facultad de Letras Biblioteca de la Facultad de Letras 13/08/2012   LLH0000001660 P40.5 .L35 U53 1997 LLH0000001660 16/01/2015 C:1 Libro Genral